000
00289nam a2200109Ia 4500
008
221009s9999 xx 000 0 und d
082
_a
658
100
_a
Babu G. jawahar
_9
67027
245
0
_a
Concept Dictionary for Business Studies
260
_b
AArthee and preethi publishers
942
_c
BK
999
_c
64937
_d
64937